Tajurbati natakain jo bani: (Record no. 1435188)

MARC details
000 -LEADER
fixed length control field 00757nam a22002297a 4500
005 - DATE AND TIME OF LATEST TRANSACTION
control field 20250904153610.0
008 - FIXED-LENGTH DATA ELEMENTS--GENERAL INFORMATION
fixed length control field 250904b |||||||| |||| 00| 0 eng d
020 ## - INTERNATIONAL STANDARD BOOK NUMBER
International Standard Book Number 978-93-91201-85-2 (pbk)
037 ## - SOURCE OF ACQUISITION
Terms of availability TB
040 ## - CATALOGING SOURCE
Original cataloging agency CRL
Transcribing agency CRL
041 ## - LANGUAGE CODE
Source of code SIN
Language code of text/sound track or separate title SIN
084 ## - COLON CLASSIFICATION NUMBER
Classification number O1593,2N46w R1
Item number CRL
100 ## - MAIN ENTRY--PERSONAL NAME
Personal name Kundnani, Sandhya Chandar
9 (RLIN) 820099
245 ## - TITLE STATEMENT
Title Tajurbati natakain jo bani:
Remainder of title shair ain muhaqaq Dr. Prem Prakash
260 ## - PUBLICATION, DISTRIBUTION, ETC.
Place of publication, distribution, etc. Nagpur, India:
Name of publisher, distributor, etc. Shri Ganesh Raut,
Date of publication, distribution, etc. 2021.
300 ## - PHYSICAL DESCRIPTION
Extent 110+98p.
365 ## - TRADE PRICE
Price amount 450.00
Currency code INR
650 ## - SUBJECT ADDED ENTRY--TOPICAL TERM
Topical term or geographic name entry element Sindhi Literature
650 ## - SUBJECT ADDED ENTRY--TOPICAL TERM
Topical term or geographic name entry element Sindhi Drama
9 (RLIN) 817260
942 ## - ADDED ENTRY ELEMENTS (KOHA)
Source of classification or shelving scheme Colon Classification (CC)
Koha item type Textbook
Classification part O1593,2N46w R1
Suppress in OPAC No
Holdings
Withdrawn status Lost status Source of classification or shelving scheme Damaged status Not for loan Home library Current library Date acquired Source of acquisition Cost, normal purchase price Inventory number Total Checkouts Full call number Barcode Date last seen Price effective from Koha item type
    Colon Classification (CC)     Central Library Central Library 2025-09-04 NCPSL 450.00 Gift   O1593,2N46w R1 CL1700141 2025-09-04 2025-09-04 Textbook
Copyright @ Delhi University Library System